El instituto de la huelga / (Registro nro. 6393)
[ vista simple ]
| 000 -LEADER | |
|---|---|
| fixed length control field | 01249nab a22002657a 4500 |
| 003 - CONTROL NUMBER IDENTIFIER | |
| control field | OSt |
| 005 - DATE AND TIME OF LATEST TRANSACTION | |
| control field | 20260201173425.0 |
| 008 - FIXED-LENGTH DATA ELEMENTS--GENERAL INFORMATION | |
| fixed length control field | 190506c xxu||||| |||| 00| 0 spa d |
| 040 ## - CATALOGING SOURCE | |
| Transcribing agency | PJ |
| 100 ## - MAIN ENTRY--PERSONAL NAME | |
| 9 (RLIN) | 7031 |
| Personal name | Forastiero, Luciano |
| 245 13 - TITLE STATEMENT | |
| Title | El instituto de la huelga / |
| Statement of responsibility, etc | Luciano Forastiero, Natalia Julieta Galdeano. |
| 260 ## - PUBLICATION, DISTRIBUTION, ETC. (IMPRINT) | |
| Place of publication, distribution, etc | Buenos Aires : |
| Name of publisher, distributor, etc | AbeledoPerrot, |
| Date of publication, distribution, etc | 2023. |
| 300 ## - PHYSICAL DESCRIPTION | |
| Extent | p. 20-24 |
| 500 ## - GENERAL NOTE | |
| General note | Cita: TR LALEY AR/DOC/2032/2023 |
| 505 ## - FORMATTED CONTENTS NOTE | |
| Formatted contents note | Sumario: I. Introducción. Concepto.— II. Clasificación.— III. Titularidad del derecho de huelga.— IV. Legitimidad del ejercicio del derecho de huelga.— V. Efectos de la huelga.— VI. Derecho de huelga en Argentina.— VII. Derecho de huelga en el mundo.— VIII. Bibliografía. |
| 505 ## - FORMATTED CONTENTS NOTE | |
| Title | ¿Te interesa el texto completo? Comunicate al correo: koha@justierradelfuego.gov.ar |
| 650 #0 - SUBJECT ADDED ENTRY--TOPICAL TERM | |
| 9 (RLIN) | 1316 |
| Topical term or geographic name as entry element | DERECHO LABORAL |
| 650 #0 - SUBJECT ADDED ENTRY--TOPICAL TERM | |
| 9 (RLIN) | 1341 |
| Topical term or geographic name as entry element | HUELGA |
| 650 #0 - SUBJECT ADDED ENTRY--TOPICAL TERM | |
| 9 (RLIN) | 4564 |
| Topical term or geographic name as entry element | DERECHO DE HUELGA |
| 650 #0 - SUBJECT ADDED ENTRY--TOPICAL TERM | |
| 9 (RLIN) | 1462 |
| Topical term or geographic name as entry element | CONFLICTOS COLECTIVOS DE TRABAJO |
| 650 #0 - SUBJECT ADDED ENTRY--TOPICAL TERM | |
| 9 (RLIN) | 1340 |
| Topical term or geographic name as entry element | MEDIDAS DE FUERZA |
| 700 ## - ADDED ENTRY--PERSONAL NAME | |
| 9 (RLIN) | 7032 |
| Personal name | Galdeano, Natalia Julieta |
| 773 0# - HOST ITEM ENTRY | |
| Host Biblionumber | 2751 |
| Host Itemnumber | 3202 |
| Place, publisher, and date of publication | Buenos Aires : AbeledoPerrot, 2013- |
| Title | Revista de derecho laboral y seguridad social. Nº 19- Octubre 2023 |
| 942 ## - ADDED ENTRY ELEMENTS (KOHA) | |
| Source of classification or shelving scheme | |
| Koha item type | Analítica Artículo de Revista |
No hay ítems disponibles.
